<?xml version="1.0" encoding="UTF-8"?>
<record
    xmlns:xsi="http://www.w3.org/2001/XMLSchema-instance"
    xsi:schemaLocation="http://www.loc.gov/MARC21/slim http://www.loc.gov/standards/marcxml/schema/MARC21slim.xsd"
    xmlns="http://www.loc.gov/MARC21/slim">

  <leader>01645nam a22002417a 4500</leader>
  <controlfield tag="008">220908s2007    pe ||||gr|||| 00| f spa d</controlfield>
  <datafield tag="020" ind1=" " ind2=" ">
    <subfield code="a">9789972239083</subfield>
  </datafield>
  <datafield tag="040" ind1=" " ind2=" ">
    <subfield code="a">CO-JMCR</subfield>
    <subfield code="c">CO-JMCR</subfield>
  </datafield>
  <datafield tag="041" ind1="0" ind2=" ">
    <subfield code="a">spa</subfield>
  </datafield>
  <datafield tag="082" ind1="0" ind2="4">
    <subfield code="a">A-N</subfield>
    <subfield code="b">CUEv</subfield>
  </datafield>
  <datafield tag="100" ind1="1" ind2=" ">
    <subfield code="a">Cueto, Alonso, </subfield>
    <subfield code="e">autor</subfield>
    <subfield code="9">42351</subfield>
  </datafield>
  <datafield tag="245" ind1="1" ind2="3">
    <subfield code="a">El vuelo de la ceniza /</subfield>
    <subfield code="c">Alonso Cueto</subfield>
  </datafield>
  <datafield tag="260" ind1=" " ind2=" ">
    <subfield code="a">Per&#xFA; : </subfield>
    <subfield code="b">Seix Barral, </subfield>
    <subfield code="c">2007</subfield>
  </datafield>
  <datafield tag="300" ind1=" " ind2=" ">
    <subfield code="a">143 p&#xE1;ginas ; </subfield>
    <subfield code="c">24 cm.</subfield>
  </datafield>
  <datafield tag="500" ind1=" " ind2=" ">
    <subfield code="a">Incluye datos biogr&#xE1;ficos del autor en solapa.</subfield>
  </datafield>
  <datafield tag="520" ind1="3" ind2=" ">
    <subfield code="a">El doctor Boris Gelman camina por la noche y acaricia un pu&#xF1;al en el bolsillo. Su misi&#xF3;n es eliminar a los seres impuros y nocivos que se agazapan en las calles. Mientras tanto, una mujer joven y sensual en busca de venganza le pide a un detective privado que la ayude a encontrarlo.
El cielo color ceniza de Lima es el escenario de una cacer&#xED;a que deviene en historia de amor. La ciudad, verdadera protagonista de esta historia, se convierte en una celda que atrapa y devora inesperadamente a sus habitantes. Con un estilo sobrio y contundente, Alonso Cueto no s&#xF3;lo sumerge al lector en una trama apasionante, sino que lo hace vivir una de las aventuras policiales m&#xE1;s emocionantes jam&#xE1;s contadas en Am&#xE9;rica Latina.
El vuelo de la ceniza re&#xFA;ne todos los elementos de la novela negra: una serie de cr&#xED;menes, un detective solitario, una mujer misteriosa y la noche, que se cierne sobre los protagonistas como un oscuro vigilante.</subfield>
  </datafield>
  <datafield tag="650" ind1="1" ind2="4">
    <subfield code="9">42352</subfield>
  </datafield>
  <datafield tag="650" ind1="2" ind2="4">
    <subfield code="9">488</subfield>
  </datafield>
  <datafield tag="650" ind1="2" ind2="4">
    <subfield code="9">215</subfield>
  </datafield>
  <datafield tag="650" ind1="2" ind2="4">
    <subfield code="9">42378</subfield>
  </datafield>
  <datafield tag="999" ind1=" " ind2=" ">
    <subfield code="c">29743</subfield>
    <subfield code="d">16127</subfield>
  </datafield>
  <datafield tag="952" ind1=" " ind2=" ">
    <subfield code="0">0</subfield>
    <subfield code="1">0</subfield>
    <subfield code="2">ddc</subfield>
    <subfield code="4">0</subfield>
    <subfield code="7">0</subfield>
    <subfield code="8">FIC</subfield>
    <subfield code="a">CPL</subfield>
    <subfield code="b">CPL</subfield>
    <subfield code="c">NEW</subfield>
    <subfield code="d">2022-04-19</subfield>
    <subfield code="e">Donaci&#xF3;n</subfield>
    <subfield code="l">4</subfield>
    <subfield code="o">A-N CUEv</subfield>
    <subfield code="p">201811778</subfield>
    <subfield code="r">2026-04-13 16:35:30</subfield>
    <subfield code="s">2026-04-13</subfield>
    <subfield code="t">Ej. 1</subfield>
    <subfield code="w">2022-09-08</subfield>
    <subfield code="y">BK</subfield>
  </datafield>
</record>
